| 000 | 00705nam a2200205 a 4500 | ||
|---|---|---|---|
| 001 | 000020842 | ||
| 005 | 20240506193024.0 | ||
| 008 | 100818s1945 ag 000 0 spa d | ||
| 040 |
_aDO-SdBNP _bspa _cBPJMH |
||
| 082 |
_a616.4 _bP964a |
||
| 245 | 0 | 0 |
_aProgresos anuales de la práctica medico-quirúrgica / _cdirectores Alonso R. Albanese, Luis Munist y Diego Fernández Luna. |
| 260 |
_aBuenos Aires : _bMundi, _c1945. |
||
| 300 |
_av. 7 ; _c23 cm. |
||
| 505 | 1 |
_gv. 7. _tEndocrinología y nutrición. |
|
| 650 | 4 |
_aEndocrinología clínica _943686 |
|
| 650 | 0 |
_aNutrición _912779 |
|
| 700 | 1 |
_aAlbanese, Alonso R. _943687 |
|
| 700 | 1 |
_aMunist, Luis. _943688 |
|
| 700 | 1 |
_aFernández Luna, Diego. _943689 |
|
| 999 |
_c20345 _d20345 |
||